[Event "Challenge"]
[Site "http://www.queenalice.com/game.php?id=592780"]
[Date "2009.5.23"]
[Round "-"]
[White "Corus"]
[Black "supermouze"]
[Result "0-1"]
[WhiteElo "1560"]
[BlackElo "1394"]

1. d4 d5 2. c4 e6 3. cxd5 exd5 4. g3 Nf6 5. Bg2 Bb4+ 6. Nc3 Bf5 7. e3 O-O 8. Ne2
c6 9. O-O b5 10. a3 Bxc3 11. bxc3 Re8 12. Nf4 Be4 13. Bxe4 Nxe4 14. Nh5 Nxc3 15.
Qg4 g6 16. Nf4 Nd7 17. Bd2 Ne4 18. Bb4 a5 19. Bc5 Ndxc5 20. dxc5 h5 21. Nxh5 Re5
22. h4 Nf6 23. Nxf6+ Qxf6 24. Qd7 Re7 25. Qg4 Re4 26. Qh3 Rc4 27. f4 Qc3 28. Rf3
Qxa1+ 29. Rf1 Qxa3 30. f5 Qxe3+ 31. Kh1 Rc1 32. fxg6 Qf3+ 33. Kg1 Rxf1+ 34. Qxf1
Qxg3+ 35. Qg2 Qxg6 36. h5 Qxg2+ 37. Kxg2 a4 0-1

[Event "melhor de 3"]
[Site "http://www.queenalice.com/game.php?id=594109"]
[Date "2009.5.27"]
[Round "-"]
[White "giraldes"]
[Black "supermouze"]
[Result "0-1"]
[WhiteElo "1598"]
[BlackElo "1436"]

1. Nf3 d5 2. d4 Nf6 3. Bg5 e6 4. Ne5 Be7 5. e3 O-O 6. Bd3 g6 7. Bh6 Re8 8. Qf3
Bf8 9. Bg5 Be7 10. h4 Nc6 11. Nc3 Nh5 12. Qg4 Nxe5 13. Qe2 Bxg5 14. O-O-O Nxd3+
15. Qxd3 c6 16. g4 Nf6 17. hxg5 Nxg4 18. Rdf1 e5 19. f3 Bf5 20. e4 dxe4 21. fxe4
Be6 22. dxe5 Nxe5 23. Qe2 Qxg5+ 24. Kb1 Bc4 25. Qh2 Bxf1 26. Qxh7+ Kf8 27. Qh8+
Ke7 28. Qg7 Qe3 29. Rxf1 Qg5 30. b3 Rf8 31. Rh1 Rg8 32. Qh6 Qxh6 33. Rxh6 Rad8
34. Rh1 b5 35. b4 f5 36. exf5 gxf5 37. Ne2 Ke8 38. Re1 Nf3 39. Rf1 Nd2+ 40. Kb2
Nxf1 41. Nf4 Rd4 42. Ne6 Rxb4+ 43. Kc3 Rgg4 44. Nc7+ Kd7 45. Na6 Ra4 46. Nc5+
Kd6 47. Nxa4 Rxa4 48. Kb3 f4 49. c3 f3 50. c4 Rxc4 51. a3 f2 0-1

[Event "Ngas"]
[Site "http://www.queenalice.com/game.php?id=596353"]
[Date "2009.5.31"]
[Round "-"]
[White "supermouze"]
[Black "SGrillo"]
[Result "0-1"]
[WhiteElo "1418"]
[BlackElo "1692"]

1. Nf3 d5 2. d4 Nc6 3. Nc3 e6 4. e4 Nf6 5. e5 Ng8 6. Bb5 Bd7 7. Bxc6 Bxc6 8. O-O
Bb4 9. Bf4 Bxc3 10. bxc3 h6 11. a4 Ne7 12. Nd2 Ng6 13. Be3 O-O 14. g3 f6 15. Qg4
Qe8 16. exf6 Rxf6 17. c4 Bd7 18. f4 e5 19. Qh5 exf4 20. Bxf4 Nxf4 21. gxf4 Qxh5
0-1

[Event ":("]
[Site "http://www.queenalice.com/game.php?id=597019"]
[Date "2009.6.1"]
[Round "-"]
[White "Mr_SPOCK"]
[Black "supermouze"]
[Result "1-0"]
[WhiteElo "1555"]
[BlackElo "1400"]

1. e4 e5 2. Qh5 Nc6 3. Nc3 Nf6 4. Qf3 Nd4 5. Qd3 Bc5 6. Nf3 Nxf3+ 7. Qxf3 d6 8.
Bc4 Bg4 9. Qg3 c6 10. Ne2 O-O 11. Qh4 Bxe2 12. Bxe2 d5 13. exd5 Qxd5 14. O-O e4
15. c4 Qd4 16. d3 h6 17. Be3 Qe5 18. Bxh6 Nh7 19. dxe4 Be7 20. Qg4 Rfd8 21. Bf4
Qxe4 22. Bh6 Qxg4 23. Bxg4 gxh6 24. Rae1 Re8 25. Bf5 a5 26. Re3 Rad8 27. Rh3 Kg7
28. Rg3+ Ng5 29. h4 Bd6 30. f4 f6 31. hxg5 fxg5 32. Rg4 1-0

[Event "Correios 001"]
[Site "http://www.queenalice.com/game.php?id=600319"]
[Date "2009.6.8"]
[Round "2"]
[White "GugliFerri"]
[Black "supermouze"]
[Result "0-1"]
[WhiteElo "1212"]
[BlackElo "1453"]

1. d4 d5 2. Nc3 Nf6 3. e4 dxe4 4. d5 Bg4 5. Be2 Bxe2 6. Qxe2 Nxd5 7. Qxe4 c6 8.
Nf3 Nxc3 9. bxc3 Qa5 10. Qd3 g6 11. O-O Bg7 12. Bb2 O-O 13. Rfe1 Rd8 14. Qe4 e6
15. Qh4 Na6 16. a3 Bxc3 17. Bxc3 Qxc3 18. Ng5 h5 19. Qa4 Nc5 20. Qf4 f5 21. Rab1
a5 22. g3 e5 23. Qf3 Qd2 24. Qe3 Qxe3 25. Rxe3 e4 26. Rc3 Na4 27. Ne6 Nxc3 28.
Rxb7 Rd1+ 29. Kg2 Nb5 30. Rg7+ Kh8 31. Rxg6 Rd6 32. c4 Kh7 33. Rf6 Nxa3 34. Ng5+
Kg7 35. Rxd6 Nxc4 36. Rxc6 Ne5 37. Rc5 Kf6 38. Nh7+ Ke6 39. f4 Nd3 40. Ng5+ Kf6
41. Rc6+ Ke7 42. Re6+ Kd7 43. Rh6 a4 44. Rxh5 a3 45. Rh7+ Kc6 46. Rh6+ Kb5 47.
Ne6 Rc8 48. Nd4+ Kc4 49. Nc2 Kb3 50. Nd4+ Kc4 51. Nxf5 Kc3 52. Ra6 Kb2 53. Ne3
a2 54. Nd1+ Kb1 55. h4 Rc2+ 56. Kh3 Nf2+ 57. Nxf2 Rxf2 58. h5 e3 59. Rb6+ Kc2
60. Ra6 Kb1 61. h6 e2 62. h7 e1=Q 63. h8=Q Qh1+ 0-1

[Event "Challenge"]
[Site "http://www.queenalice.com/game.php?id=600593"]
[Date "2009.6.8"]
[Round "-"]
[White "supermouze"]
[Black "Mr_SPOCK"]
[Result "0-1"]
[WhiteElo "1411"]
[BlackElo "1544"]

1. Nf3 Nc6 2. e4 e5 3. Nc3 Bc5 4. Bc4 Nd4 5. Nxe5 Qf6 6. Ng4 Qh4 7. Nb5 Nxb5 8.
Qf3 Nf6 9. Nxf6+ gxf6 10. Bxb5 Rg8 11. g3 Qh3 12. Bf1 Qe6 13. c3 d5 14. d4 dxe4
0-1

[Event "Ngas"]
[Site "http://www.queenalice.com/game.php?id=602070"]
[Date "2009.6.12"]
[Round "-"]
[White "supermouze"]
[Black "SGrillo"]
[Result "0-1"]
[WhiteElo "1445"]
[BlackElo "1766"]

1. e4 e5 2. Nf3 d6 3. h3 Nf6 4. Bc4 h6 5. O-O c6 6. Nc3 Qe7 7. d3 Be6 8. Bxe6
Qxe6 9. b4 Be7 10. d4 exd4 11. Nxd4 Qd7 12. Ba3 O-O 13. f3 d5 14. e5 Nh7 15. Nb3
b6 16. Ne2 Na6 17. c3 Rfe8 18. Qd3 Nc7 19. Bb2 Nf8 20. c4 Rad8 21. cxd5 Qxd5 22.
Qxd5 Rxd5 23. Nf4 Rdd8 24. a4 Bxb4 25. Rfe1 Bxe1 26. Rxe1 Nfe6 27. Nxe6 Nxe6 28.
g3 c5 29. f4 Rd3 30. Kg2 Red8 31. Nc1 Rd2+ 32. Re2 Rxe2+ 33. Nxe2 Rd2 34. Kf1
Rxb2 35. h4 Ra2 36. f5 Nd4 37. Nxd4 cxd4 38. g4 Rxa4 39. Ke2 Kf8 40. Kd3 Ke7 41.
Ke4 d3+ 42. Kxd3 Rxg4 43. Ke3 Rxh4 44. Kf3 a5 0-1

[Event "Challenge"]
[Site "http://www.queenalice.com/game.php?id=602597"]
[Date "2009.6.13"]
[Round "-"]
[White "Thyba"]
[Black "supermouze"]
[Result "1-0"]
[WhiteElo "1931"]
[BlackElo "1444"]

1. d4 d6 2. e4 h6 3. Bc4 e6 4. Nf3 d5 5. exd5 exd5 6. Bd3 Bd6 7. O-O Nf6 8. Re1+
Be6 9. c4 O-O 10. Nc3 dxc4 11. Rxe6 fxe6 12. Bxc4 Re8 13. Qd3 c6 14. Qg6 b5 15.
Bxh6 Qd7 16. Bd3 Bf4 17. Bxf4 Na6 18. Ne4 Nxe4 19. Bxe4 Kf8 20. Ng5 Re7 21. Nh7+
Kg8 22. Nf6+ 1-0

[Event "Bcas"]
[Site "http://www.queenalice.com/game.php?id=609098"]
[Date "2009.6.26"]
[Round "-"]
[White "SGrillo"]
[Black "supermouze"]
[Result "1-0"]
[WhiteElo "1776"]
[BlackElo "1456"]

1. e4 e5 2. Nf3 Bd6 3. Bc4 Nf6 4. d3 O-O 5. h3 Nc6 6. O-O Nd4 7. Nxd4 exd4 8.
Nd2 Bf4 9. Nf3 Bxc1 10. Qxc1 d6 11. Nxd4 c5 12. Nf3 h6 13. Qd2 a5 14. a3 d5 15.
exd5 Nxd5 16. Bxd5 Qxd5 17. b3 Bxh3 18. gxh3 Qxf3 19. Qe3 Qxe3 20. fxe3 b5 21.
Rf5 Rac8 22. c3 f6 23. Rc1 Rfd8 24. d4 cxd4 25. exd4 g5 26. Rxf6 Rf8 27. Rxf8+
Kxf8 28. b4 axb4 29. axb4 Rd8 30. Kg2 Ke7 31. Kg3 Kf6 32. Kg4 Rd5 33. Rf1+ Kg6
34. Re1 h5+ 35. Kg3 Kf5 36. h4 Rd6 37. Re5+ Kg6 38. Rxg5+ Kh6 39. Rxb5 Kg6 40.
Rg5+ Kh6 41. Kf4 Re6 42. Re5 Rf6+ 43. Ke4 Kg6 44. Kd5 Rf5 45. Rxf5 Kxf5 46. b5
Kg4 47. b6 1-0

[Event "Desafio"]
[Site "http://www.queenalice.com/game.php?id=614028"]
[Date "2009.7.6"]
[Round "-"]
[White "supermouze"]
[Black "Thyba"]
[Result "0-1"]
[WhiteElo "1458"]
[BlackElo "2057"]

1. e4 d6 2. Nc3 c5 3. Bc4 Nf6 4. Nf3 Nxe4 5. Nxe4 a6 6. Nc3 Bf5 7. d4 cxd4 8.
Nxd4 Bd7 9. Qf3 e6 10. O-O Nc6 11. Be3 Ne5 12. Qxb7 Nxc4 13. Nc6 Qc8 14. Qxc8+
Rxc8 15. Nd4 Nxb2 16. Rab1 Nc4 17. Nf3 Nxe3 18. fxe3 Rxc3 19. Rf2 Be7 20. Rb7
Rxe3 21. c4 Rc3 22. Rb4 d5 23. Ne5 Bxb4 24. Nxd7 Kxd7 25. Rxf7+ Kd6 26. Rxg7 Rf8
27. h4 Rxc4 28. Rxh7 Kc6 29. Kh2 Bd6+ 30. g3 Rg8 0-1

[Event "Brancas"]
[Site "http://www.queenalice.com/game.php?id=614777"]
[Date "2009.7.7"]
[Round "-"]
[White "Mr_SPOCK"]
[Black "supermouze"]
[Result "1-0"]
[WhiteElo "1487"]
[BlackElo "1467"]

1. e4 e5 2. Qh5 d6 3. Bc4 g6 4. Qf3 Nh6 5. d3 Bg7 6. Bxh6 O-O 7. Bxg7 Kxg7 8.
Nh3 Nc6 9. Nd2 Nd4 10. Qd1 Bxh3 11. c3 Bxg2 12. Rg1 Qg5 13. cxd4 exd4 14. Qb3 b6
15. Nf3 Qf4 16. Nxd4 Bxe4 17. dxe4 Qxe4+ 18. Ne2 Rae8 19. O-O-O Qf4+ 20. Nxf4 a6
21. Nh5+ Kh8 22. Qc3+ Kg8 23. Qg7# 1-0

[Event "Pretas"]
[Site "http://www.queenalice.com/game.php?id=614778"]
[Date "2009.7.7"]
[Round "-"]
[White "supermouze"]
[Black "Mr_SPOCK"]
[Result "1-0"]
[WhiteElo "1450"]
[BlackElo "1476"]

1. e4 e5 2. Nf3 Nf6 3. Nxe5 Bc5 4. d3 d6 5. Be2 Bg4 6. Nxg4 Nxg4 7. Bxg4 Qf6 8.
O-O d5 9. exd5 O-O 10. Nc3 Qh4 11. Ne4 Bd4 12. Bg5 Bxf2+ 13. Rxf2 Qxf2+ 14. Kxf2
Nd7 15. Bxd7 h6 16. Be7 Rfb8 17. Qg4 b5 18. Bf6 g5 19. h4 Rb6 20. hxg5 hxg5 21.
Qxg5+ Kf8 22. Qg7# 1-0

[Event "Brancas - Jogo 2"]
[Site "http://www.queenalice.com/game.php?id=627162"]
[Date "2009.7.30"]
[Round "-"]
[White "Mr_SPOCK"]
[Black "supermouze"]
[Result "1-0"]
[WhiteElo "1471"]
[BlackElo "1461"]

1. e4 e5 2. Qh5 d6 3. Bc4 g6 4. Qf3 Nf6 5. Qb3 Qd7 6. Nf3 Nxe4 7. d3 Nc5 8. Qc3
Bg7 9. Ng5 d5 10. Bb3 Nxb3 11. Qxb3 h6 12. Nf3 O-O 13. O-O e4 14. dxe4 dxe4 15.
Nfd2 Nc6 16. Nxe4 Nd4 17. Qd3 Qd5 18. Bxh6 Bxh6 19. Nf6+ 1-0

[Event "yak1403"]
[Site "http://www.queenalice.com/game.php?id=650612"]
[Date "2009.9.11"]
[Round "1"]
[White "yak1403"]
[Black "supermouze"]
[Result "1-0"]
[WhiteElo "1416"]
[BlackElo "1457"]

1. e3 e5 2. g3 d5 3. c3 Nf6 4. d4 e4 5. f4 Bf5 6. h3 Bd6 7. g4 Bc8 8. g5 Nfd7 9.
h4 g6 10. h5 c6 11. hxg6 fxg6 12. b4 b5 13. a4 bxa4 14. Ne2 Ba6 15. Ng3 Bxf1 16.
Nxf1 O-O 17. Qg4 a5 18. Ra2 h5 19. Qe6+ Kg7 20. Qxd6 Re8 21. Ng3 Rh8 22. Rxa4
Qe8 23. f5 h4 24. f6+ Kf7 25. Ne2 Nb6 26. Ra2 Nc4 27. Qf4 a4 28. Rxh4 Rxh4 29.
Qxh4 Ne5 30. Qh7+ Kf8 31. dxe5 Qf7 32. Qh6+ Kg8 33. e6 Qh7 34. e7 Nd7 35. Nf4
Qxh6 36. gxh6 Nxf6 37. Nxg6 Kh7 38. Ne5 Kxh6 39. Rg2 1-0

[Event "Correios 001"]
[Site "http://www.queenalice.com/game.php?id=680200"]
[Date "2009.11.9"]
[Round "3"]
[White "supermouze"]
[Black "Thyba"]
[Result "0-1"]
[WhiteElo "1459"]
[BlackElo "2020"]

1. e4 c5 2. Bc4 Nc6 3. Nf3 d6 4. O-O Nf6 5. d3 g6 6. Be3 a6 7. a4 Bg7 8. c3 Bg4
9. Qb3 Bxf3 10. gxf3 Ne5 11. d4 Nxf3+ 12. Kg2 Nh4+ 13. Kh1 O-O 14. Qxb7 Rb8 15.
Qxa6 Qd7 16. e5 Qh3 17. Rg1 Qf3+ 0-1

[Event "Correios II"]
[Site "http://www.queenalice.com/game.php?id=817157"]
[Date "2010.8.12"]
[Round "1"]
[White "supermouze"]
[Black "Thyba"]
[Result "0-1"]
[WhiteElo "1439"]
[BlackElo "1991"]

1. e4 c5 2. c4 Nc6 3. Nf3 d6 4. h3 Nf6 5. Nc3 g6 6. d3 Bg7 7. Be3 O-O 8. Nd5
Nxd5 9. cxd5 Ne5 10. Nxe5 Bxe5 11. d4 cxd4 12. Bxd4 Qa5+ 13. Ke2 Bd7 14. a4 Rac8
15. Bxe5 dxe5 16. Qb3 f5 17. Kd1 fxe4 18. Bc4 Rxf2 19. d6+ Kg7 20. Be2 e3 21.
Qxe3 Bxa4+ 22. Rxa4 Qxa4+ 23. Ke1 Qf4 24. Qxf2 Rc1+ 25. Bd1 Rxd1+ 26. Ke2 Rd2+
27. Kf1 Qxf2# 0-1

[Event "Correios II"]
[Site "http://www.queenalice.com/game.php?id=879562"]
[Date "2010.12.31"]
[Round "2"]
[White "supermouze"]
[Black "reggis_souza"]
[Result "0-1"]
[WhiteElo "1437"]
[BlackElo "1857"]

1. e4 e5 2. Nf3 Nc6 3. Bb5 d6 4. O-O Bd7 5. Bxc6 Bxc6 6. Nc3 Nf6 7. d3 h6 8. b3
Be7 9. a4 O-O 10. h3 a6 11. Be3 Re8 12. Nh4 Bd7 13. d4 Nxe4 14. Nxe4 Bxh4 15. d5
f5 16. Nc3 f4 17. Bc1 Rf8 18. f3 Rf6 19. Qd3 Bf5 20. Qe2 Rg6 21. Kh2 Bg3+ 22.
Kg1 Bxh3 0-1